Guess the lyrics 3 :P - Statistics

General Stats
  • This quiz has been taken 27 times
  • The average score is 128 of 241
Answer Stats
Answer % Correct
you
100%
You
100%
I
96%
no
84%
we
84%
me
80%
the
76%
And
72%
to
72%
can
68%
of
68%
what
68%
What
68%
you're
68%
it
64%
know
64%
not
64%
am
60%
if
60%
in
60%
don't
56%
I'm
56%
my
56%
that
56%
too
56%
want
56%
can't
52%
It's
52%
now?
52%
say
52%
down?
48%
just
48%
never
48%
out?
48%
out
48%
about?
44%
about
44%
again,
44%
again
44%
at
44%
but
44%
one
44%
there's
44%
you'll
44%
get
40%
here
40%
take
40%
bed
36%
feeling
36%
need
36%
said
36%
things
36%
won't
36%
'cause
32%
fallin'
32%
well
32%
care
28%
meant
28%
talk
28%
around?
24%
back
24%
falling
24%
Forget
24%
ran
24%
we've
24%
aware
20%
kills
20%
many
20%
someone
20%
coffee's
16%
hands
16%
left
16%
missed
16%
songs
16%
write
16%
baggage
12%
Beachwood
12%
blame
12%
Cafe
12%
drink
12%
unpack
12%
wandering
12%
No matching quizzes found
Score Distribution
Percent of People with Each Score
Percentile by Number Answered
Your Score History
You have not taken this quiz